El papel de la cultura informacional en la introducción de nuevos sistemas de información en la empresa (Registro nro. 31828)
[ vista simple ]
| 000 -CABECERA | |
|---|---|
| Longitud fija campo de control | 01082naa a2200277 c 4500 |
| 001 - NÚMERO DE CONTROL | |
| Número de control | 31828 |
| 003 - IDENTIFICADOR DE NÚMERO DE CONTROL | |
| Identificador del número de control | ES-MaCES |
| 005 - FECHA Y HORA DE LA ÚLTIMA TRANSACCIÓN | |
| Fecha y hora de la última transacción | 20150925133428.0 |
| 008 - CAMPO FIJO DE DESCRIPCIÓN FIJA--INFORMACIÓN GENERAL | |
| Códigos de información de longitud fija | 000609n2000 sp 000 | spa d |
| 035 ## - NÚMERO DE CONTROL DEL SISTEMA | |
| Número de control del sistema | CES20000003564v |
| 040 ## - FUENTE DE CATALOGACIÓN | |
| Centro catalogador de origen | ES-MaCES |
| Lengua de catalogación | spa |
| Centro transcriptor | ES-MaCES |
| 100 1# - ENCABEZAMIENTO PRINCIPAL--NOMBRE PERSONAL | |
| Nombre de persona | Claver Cortés, Enrique |
| 9 (RLIN) | 9700 |
| 245 13 - MENCIÓN DE TÍTULO | |
| Título | El papel de la cultura informacional en la introducción de nuevos sistemas de información en la empresa |
| Mención de responsabilidad, etc. | Enrique Claver Cortés, Juan Llopis Taverner, M. Reyes González Ramírez |
| 500 ## - NOTA GENERAL | |
| Nota general | Resumen en español e inglés |
| 650 #4 - ASIENTO SECUNDARIO DE MATERIA--TÉRMINO DE MATERIA | |
| Término de materia o nombre geográfico como elemento inicial | tecnología de la información |
| 9 (RLIN) | 30104 |
| 650 #4 - ASIENTO SECUNDARIO DE MATERIA--TÉRMINO DE MATERIA | |
| Término de materia o nombre geográfico como elemento inicial | cultura |
| 9 (RLIN) | 27265 |
| 650 #4 - ASIENTO SECUNDARIO DE MATERIA--TÉRMINO DE MATERIA | |
| Término de materia o nombre geográfico como elemento inicial | sistema de información |
| 9 (RLIN) | 28920 |
| 653 10 - TÉRMINO DE INDEXACIÓN--NO CONTROLADO | |
| Término no controlado | Empresa |
| 650 #4 - ASIENTO SECUNDARIO DE MATERIA--TÉRMINO DE MATERIA | |
| 9 (RLIN) | 28178 |
| Término de materia o nombre geográfico como elemento inicial | empresa |
| 700 1# - ENCABEZAMIENTO SECUNDARIO--NOMBRE PERSONAL | |
| Nombre de persona | González Ramírez, M. Reyes |
| 9 (RLIN) | 13886 |
| 700 1# - ENCABEZAMIENTO SECUNDARIO--NOMBRE PERSONAL | |
| Nombre de persona | Llopis Taverner, Juan |
| 9 (RLIN) | 16716 |
| 773 0# - ENTRADA DE DOCUMENTO FUENTE | |
| Título | Boletín de estudios económicos |
| Parte(s) relacionada(s) | vol. 55, n. 169 (abr. 2000){10529 R. 036525}; p. 139-158 |
| Número de control del registro relacionado | (ES-MaCES)25534 |
| Itemnumber del ítem fuente | 62291 |
| 902 ## - CES. TIPO DE DOCUMENTO | |
| Tipodoc (006$c Sirtex) | ART Artículo de revista |
| 942 ## - ELEMENTOS KOHA | |
| Fuente de clasificaión o esquema | Clasificación propia del CES |
| Koha [por defecto] tipo de item | Artículos (1982-2017) |
| Parte de clasificación | 0.0. |
No hay ítems disponibles.
